Television Gents Without Sense Quiz Stats

 Plays Quiz Updated Nov 5, 2018

Support Sporcle.
Go Orange.
Score 0/16 Timer 02:00
1 Play Today
% Correct
Joey
95.7%
Urkel
92.1%
Reese
91%
Kelso
90.8%
Screech
90.4%
Kevin
90.3%
Woody
89.1%
Gilligan
87.6%
% Correct
Fife
87.1%
Dwyer
86.2%
Harry
84.3%
Ed
78.1%
Lowell
78%
Pyle
77.7%
Boner
73.1%
Jethro
66.8%

You're not logged in!

Compare scores with friends on all Sporcle quizzes.
OR
Log In

From the Vault

Add a Letter in the Middle

by Tahnan

You start with one letter, and suddenly you're adding entire alphabets to your words.
Remove Ads.
Support Sporcle.
Get the best of Sporcle when you Go Orange. This ad-free experience offers more features, more stats, and more fun while also helping to support Sporcle. Thank you for becoming a member.

Show Comments

Extras

Top Quizzes Today


Score Distribution

Your Account Isn't Verified!

In order to create a playlist on Sporcle, you need to verify the email address you used during registration. Go to your Sporcle Settings to finish the process.

Report this User

Report this user for behavior that violates our Community Guidelines.

Details: